000
00282nam a22001337a 4500
008
180824b xxu||||| |||| 00| 0 eng d
020
_a
131352695
041
_a
eng
080
_a
101
100
_a
24
101
_a
FIL
245
_a
PHILOSOPHY RELIGION
_c
HICK.J
942
_2
udc
_c
BK
999
_c
47296
_d
47296